=LDR 00000nam 2200000 4500 =001 000544 =005 20250711122119 =035 ##$$a 0010-0725000412 =007 ta =008 250711################a##########0#ind## =020 ##$$a 978-623-307-357-8 =082 ##$$a 398.209 598 =084 ##$$a 398.209 598 BOS b =100 #$$a Soma Bose =245 1#$$a Boneka misterius /$c Soma Bose =250 ##$$a Cetakan Pertama =260 ##$$a Rawamangun :$b Badan Pengembangan dan Pembinaan Bahasa,$c 2022 =300 ##$$a 28 hlm. : $b Ilus. ; $c 29,7 cm. =650 #4$$a Cerita Anak Indonesia - Terjemahan =650 #4$$a Literasi - Bahan bacaan =856 ##$$a TBM AS SUHADA =990 ##$$a TBM03050305